000
00305 a2200145 4500
001
155393
040
_c
Escola São Tomás de Aquino
100
_a
PALMA, Candida
240
1
0
_a
Heads up!
_l
por
245
1
0
_a
Heads up!
362
0
_a
2013
440
1
_a
Saraiva
697
_a
Língua inglesa
942
_c
BK
999
_c
155393
_d
155393